[Event "Titled Tuesday intern op 17th Jan Early"]
[Site "Chess.com INT"]
[Date "2023.01.17"]
[Round "1"]
[White "Dourerassou, Jonathan"]
[Black "Quinonez Garcia, Santiago"]
[Result "1-0"]
[WhiteElo "2420"]
[BlackElo "2248"]
[PlyCount "181"]
[EventDate "2023.01.17"]
[EventType "swiss (blitz)"]
[EventRounds "11"]
[EventCountry "USA"]
[SourceTitle "CBM 212 Extra"]
[Source "ChessBase"]
[SourceDate "2023.03.31"]
[SourceVersion "1"]
[SourceVersionDate "2023.03.31"]
[SourceQuality "1"]

1. d4 Nf6 2. Bg5 g6 3. Bxf6 exf6 4. g3 f5 5. Bg2 d5 6. e3 c6 7. Ne2 Bd6 8. 0-0 0-0 9. Nd2 Nd7 10. c4 Nf6 11. Rc1 Be6 12. Qb3 Qd7 13. c5 Be7 14. Nf4 Ne4 15. Nf3 Bf6 16. Nd3 Qc7 17. Qc2 Bg7 18. Rb1 a5 19. b3 h6 20. a3 Kh7 21. b4 axb4 22. axb4 Ra3 23. b5 Qa5 24. bxc6 bxc6 25. Nde5 Rc8 26. Rb6 Ra2 27. Qb3 Bxe5 28. Nxe5 Nd2 29. Qb4 Qxb4 30. Rxb4 Nxf1 31. Bxf1 Ra1 32. Kg2 f6 33. Rb7+ Kg8 34. Nxg6 Rca8 35. Ne7+ Kf8 36. Nxc6 R1a2 37. Nb4 Rb2 38. c6 Bc8 39. Rb6 Raa2 40. Nxa2 Rxb6 41. Nc3 Be6 42. Bb5 Ke7 43. c7 Rb7 44. c8Q Bxc8 45. Nxd5+ Kf7 46. Bc6 Rb2 47. Nf4 Bb7 48. Bxb7 Rxb7 49. h4 Rb2 50. Kf3 Rb7 51. Nd5 Rb2 52. Nc3 Rc2 53. Ne2 Ke6 54. Nf4+ Kf7 55. Nd3 Rd2 56. Nc5 Rc2 57. Kg2 Rd2 58. Nb7 Rc2 59. Kf3 Rd2 60. Nc5 Rc2 61. Nd3 Rd2 62. Nf4 Rc2 63. h5 Rd2 64. Ng6 Rc2 65. Nh4 Ke6 66. Ng2 Rd2 67. Nf4+ Kf7 68. Nh3 Rc2 69. Kf4 Ke6 70. g4 fxg4 71. Kxg4 Rd2 72. Kf3 Kf7 73. Kf4 Ke6 74. Kg4 Rd1 75. Nf4+ Kf7 76. Kf5 Rd2 77. f3 Rf2 78. Ke4 Rd2 79. d5 Ke7 80. Kf5 Rf2 81. Ng6+ Kd6 82. Ke4 f5+ 83. Kxf5 Kxd5 84. e4+ Kd6 85. e5+ Kd7 86. f4 Ke8 87. Kf6 Rh2 88. f5 Rxh5 89. Nf4 Rh1 90. Ke6 Ra1 91. Kf6 1-0

[Event "Titled Tuesday intern op 17th Jan Late"]
[Site "Chess.com INT"]
[Date "2023.01.17"]
[Round "8"]
[White "Papp, Petra"]
[Black "Quinonez Garcia, Santiago"]
[Result "0-1"]
[WhiteElo "2347"]
[BlackElo "2248"]
[PlyCount "66"]
[EventDate "2023.01.17"]
[EventType "swiss (blitz)"]
[EventRounds "11"]
[EventCountry "USA"]
[SourceTitle "CBM 212 Extra"]
[Source "ChessBase"]
[SourceDate "2023.03.31"]
[SourceVersion "1"]
[SourceVersionDate "2023.03.31"]
[SourceQuality "1"]

1. e4 e5 2. f4 exf4 3. Nf3 d5 4. exd5 Qxd5 5. Nc3 Qd8 6. Bc4 Nf6 7. 0-0 Bc5+ 8. d4 Bb6 9. Bxf4 Nc6 10. Ne2 0-0 11. c3 h6 12. Ne5 Nxe5 13. Bxe5 Nd5 14. Qd3 c6 15. Nf4 Re8 16. Nxd5 cxd5 17. Bb3 Rxe5 18. Bc2 f5 19. Kh1 Re4 20. Qf3 Be6 21. Bxe4 dxe4 22. Qg3 Bc7 23. Qg6 Bd7 24. Rxf5 Bxf5 25. Qxf5 Qe7 26. Re1 e3 27. d5 Re8 28. Qd3 e2 29. d6 Bxd6 30. c4 Rf8 31. h3 Re8 32. a3 Kh8 33. b4 Qe5 0-1

[Event "Titled Tuesday intern op 17th Jan Late"]
[Site "Chess.com INT"]
[Date "2023.01.17"]
[Round "11"]
[White "Quinonez Garcia, Santiago"]
[Black "Mendez Machado, Andre"]
[Result "0-1"]
[WhiteElo "2248"]
[BlackElo "1986"]
[PlyCount "94"]
[EventDate "2023.01.17"]
[EventType "swiss (blitz)"]
[EventRounds "11"]
[EventCountry "USA"]
[SourceTitle "CBM 212 Extra"]
[Source "ChessBase"]
[SourceDate "2023.03.31"]
[SourceVersion "1"]
[SourceVersionDate "2023.03.31"]
[SourceQuality "1"]

1. d4 Nf6 2. c4 e6 3. Nc3 Bb4 4. Qc2 b6 5. a3 Bxc3+ 6. Qxc3 Bb7 7. f3 c5 8. dxc5 bxc5 9. e4 Nc6 10. Be3 d6 11. Rd1 Qe7 12. b4 cxb4 13. axb4 0-0 14. Ne2 Ne5 15. Nd4 Rac8 16. Nb5 Nxe4 17. fxe4 Qh4+ 18. Bf2 Qxe4+ 19. Be2 Rxc4 20. Qg3 Rc2 21. Qe3 Qxb4+ 22. Kf1 Rxe2 23. Qxe2 Ba6 24. Qd2 Bxb5+ 25. Kg1 Qg4 26. Bg3 Nd3 27. Rb1 Qd4+ 28. Bf2 Qc4 29. Bxa7 Ra8 30. Be3 Ra2 31. Qd1 Qe4 32. Qf3 Qc4 33. h4 h6 34. Kh2 Ne5 35. Qg3 Ng4+ 36. Kh3 h5 37. Rhf1 Ra3 38. Rf3 Bc6 39. Rb8+ Kh7 40. Bf4 Bxf3 41. gxf3 Qf1+ 42. Qg2 Rxf3+ 43. Bg3 Qxg2+ 44. Kxg2 Rd3 45. Rd8 d5 46. Rd7 Ne3+ 47. Kf3 Nf5+ 0-1

[Event "Titled Tuesday intern op 17th Jan Late"]
[Site "Chess.com INT"]
[Date "2023.01.17"]
[Round "6"]
[White "Quinonez Garcia, Santiago"]
[Black "Michalski, Olaf"]
[Result "1-0"]
[WhiteElo "2248"]
[BlackElo "2273"]
[PlyCount "119"]
[EventDate "2023.01.17"]
[EventType "swiss (blitz)"]
[EventRounds "11"]
[EventCountry "USA"]
[SourceTitle "CBM 212 Extra"]
[Source "ChessBase"]
[SourceDate "2023.03.31"]
[SourceVersion "1"]
[SourceVersionDate "2023.03.31"]
[SourceQuality "1"]

1. d4 d6 2. c4 g6 3. Nc3 Bg7 4. e4 Nc6 5. Nf3 Bg4 6. d5 Nd4 7. Be2 Nxe2 8. Qxe2 e5 9. 0-0 Nf6 10. h3 Bd7 11. Be3 Nh5 12. c5 0-0 13. b4 Nf4 14. Qd2 f5 15. Kh2 fxe4 16. Nxe4 Nxh3 17. Nfg5 Nf4 18. cxd6 cxd6 19. g3 h6 20. gxf4 hxg5 21. fxg5 Bg4 22. Rac1 Bf3 23. Ng3 e4 24. Bd4 Rf7 25. Bxg7 Rxg7 26. Qf4 Qd7 27. Rh1 Rh7+ 28. Kg1 Rxh1+ 29. Nxh1 Qh3 30. Qh2 Qg4+ 31. Qg3 Qh5 32. Kf1 Qxh1+ 33. Qg1 Bg2+ 34. Ke2 Bf3+ 35. Ke3 Qh4 36. Qf1 Qxg5+ 37. Kd4 Qe5+ 38. Kc4 Rc8+ 39. Kb3 Rxc1 40. Qxc1 Qxd5+ 41. Ka3 Qc6 42. Qg5 Qa6+ 43. Kb2 Qc6 44. Qxg6+ Kf8 45. Qf6+ Ke8 46. Qe6+ Kd8 47. Qg8+ Kc7 48. Qf7+ Kb6 49. Qb3 Kc7 50. a4 d5 51. Qe3 Qf6+ 52. Kb3 d4 53. Qc1+ Kd7 54. Qc5 Qe6+ 55. Ka3 d3 56. Qd4+ Qd6 57. Qg7+ Ke6 58. Qc3 Kf5 59. Qg7 d2 60. Qf7+ 1-0

[Event "Titled Tuesday intern op 17th Jan Early"]
[Site "Chess.com INT"]
[Date "2023.01.17"]
[Round "3"]
[White "Quinonez Garcia, Santiago"]
[Black "Tarnowska, Aleksandra"]
[Result "0-1"]
[WhiteElo "2248"]
[BlackElo "1835"]
[PlyCount "82"]
[EventDate "2023.01.17"]
[EventType "swiss (blitz)"]
[EventRounds "11"]
[EventCountry "USA"]
[SourceTitle "CBM 212 Extra"]
[Source "ChessBase"]
[SourceDate "2023.03.31"]
[SourceVersion "1"]
[SourceVersionDate "2023.03.31"]
[SourceQuality "1"]

1. d4 d5 2. c4 e6 3. Nc3 Nf6 4. Bg5 Be7 5. cxd5 exd5 6. e3 0-0 7. Bd3 h6 8. Bh4 Nbd7 9. Nf3 c5 10. 0-0 b6 11. Bc2 Bb7 12. Qd3 Ne4 13. Bxe7 Qxe7 14. dxc5 Ndxc5 15. Qe2 Rac8 16. Rfd1 Nxc3 17. bxc3 Ne4 18. Rd4 Rxc3 19. Bb3 Rfc8 20. h3 Qd6 21. Rad1 Rc1 22. Qd3 Rxd1+ 23. Qxd1 Nc3 24. Qd3 Qe6 25. Nd2 a5 26. e4 Nxe4 27. Nxe4 Rc1+ 28. Kh2 dxe4 29. Qe3 Qe5+ 30. g3 Rc8 31. Rd7 Bc6 32. Rxf7 Kh8 33. h4 Bd5 34. Bxd5 Qxd5 35. Qxb6 Qxf7 36. Qe3 Rf8 37. h5 Qf3 38. Qc5 Qxf2+ 39. Qxf2 Rxf2+ 40. Kg1 Rxa2 41. g4 e3 0-1

[Event "Titled Tuesday intern op 10th Jan Early"]
[Site "Chess.com INT"]
[Date "2023.01.10"]
[Round "11"]
[White "Quinonez Garcia, Santiago"]
[Black "Glashausser, Sho"]
[Result "1-0"]
[WhiteElo "2248"]
[BlackElo "2016"]
[PlyCount "69"]
[EventDate "2023.01.10"]
[EventType "swiss (blitz)"]
[EventRounds "11"]
[EventCountry "USA"]
[SourceTitle "EXT 2024"]
[Source "ChessBase"]
[SourceDate "2023.10.10"]
[SourceVersion "1"]
[SourceVersionDate "2023.10.10"]
[SourceQuality "1"]

1. d3 d5 2. Nf3 Nf6 3. g3 c5 4. Bg2 Nc6 5. 0-0 e5 6. c3 Be7 7. Nbd2 0-0 8. e4 Be6 9. Re1 d4 10. c4 Nd7 11. Nf1 f6 12. h4 a6 13. N1h2 b5 14. b3 Rb8 15. g4 bxc4 16. bxc4 Nb6 17. g5 Qd7 18. Kh1 Kh8 19. Rg1 Nxc4 20. dxc4 Bxc4 21. Ba3 Be6 22. Qa4 c4 23. Bxe7 Nxe7 24. gxf6 Qxa4 25. fxe7 Rfe8 26. Nxe5 Rxe7 27. Nhf3 c3 28. Rad1 Qxa2 29. Nxd4 Qxf2 30. Rgf1 Qxh4+ 31. Kg1 Bg4 32. Rf4 Rxe5 33. Nc6 Qg3 34. Nxb8 Qxf4 35. Rd8+ 1-0

[Event "Titled Tuesday intern op 03rd Jan Early"]
[Site "Chess.com INT"]
[Date "2023.01.03"]
[Round "5"]
[White "Kaminski, Victor Kazimierz"]
[Black "Quinonez Garcia, Santiago"]
[Result "1-0"]
[WhiteElo "2247"]
[BlackElo "2248"]
[PlyCount "105"]
[EventDate "2023.01.03"]
[EventType "swiss (blitz)"]
[EventRounds "11"]
[EventCountry "USA"]
[SourceTitle "EXT 2024"]
[Source "ChessBase"]
[SourceDate "2023.10.10"]
[SourceVersion "1"]
[SourceVersionDate "2023.10.10"]
[SourceQuality "1"]

1. e4 e5 2. Nf3 Nc6 3. Bb5 a6 4. Ba4 Nf6 5. 0-0 Be7 6. d3 b5 7. Bb3 d6 8. a3 Na5 9. Ba2 c5 10. h3 Be6 11. Nc3 0-0 12. Bg5 h6 13. Bxf6 Bxf6 14. Bd5 Rb8 15. b4 Nb7 16. Qb1 Qc7 17. Qb3 Rfe8 18. Rfb1 Nd8 19. Ne2 Nc6 20. c3 a5 21. Rc1 a4 22. Qa2 Qd7 23. Rd1 Ne7 24. Bxe6 fxe6 25. d4 exd4 26. cxd4 cxd4 27. Nexd4 Kf7 28. Rac1 Rec8 29. Rxc8 Rxc8 30. Qe2 Rc4 31. e5 dxe5 32. Nxe5+ Bxe5 33. Nf3 Qxd1+ 34. Qxd1 Bf4 35. Nd2 Rd4 36. Qf3 Nf5 37. Nf1 Kg6 38. g3 Bc1 39. Qc6 Bxa3 40. Qxe6+ Kg5 41. f4+ Rxf4 42. gxf4+ Kxf4 43. Qd5 Bxb4 44. Qxb5 Bd6 45. Qxa4+ Kg5 46. Qg4+ Kf6 47. Nd2 Bc5+ 48. Kh1 g5 49. Ne4+ Kg6 50. Nxc5 h5 51. Qe4 Kf6 52. Qe6+ Kg7 53. Qxf5 1-0

[Event "Titled Tuesday intern op 03rd Jan Late"]
[Site "Chess.com INT"]
[Date "2023.01.03"]
[Round "7"]
[White "Omelja, Artem"]
[Black "Quinonez Garcia, Santiago"]
[Result "1-0"]
[WhiteElo "2446"]
[BlackElo "2248"]
[PlyCount "129"]
[EventDate "2023.01.03"]
[EventType "swiss (blitz)"]
[EventRounds "11"]
[EventCountry "USA"]
[SourceTitle "EXT 2024"]
[Source "ChessBase"]
[SourceDate "2023.10.10"]
[SourceVersion "1"]
[SourceVersionDate "2023.10.10"]
[SourceQuality "1"]

1. d4 Nf6 2. c4 e6 3. Nf3 c5 4. d5 b5 5. dxe6 fxe6 6. cxb5 d5 7. e3 Bb7 8. Nc3 Bd6 9. Be2 Nbd7 10. 0-0 0-0 11. b3 e5 12. Bb2 Qc7 13. Rc1 e4 14. Ng5 Bxh2+ 15. Kh1 Rae8 16. Na4 Be5 17. Ba3 Bd6 18. Qc2 h6 19. Nh3 Rc8 20. Rfd1 Qd8 21. Qd2 Qe7 22. g3 d4 23. Bc4+ Kh7 24. Nf4 g5 25. Ne6 Ng4 26. Nxf8+ Rxf8 27. Rf1 Qe8 28. Kg2 Qh5 29. Rh1 Nxe3+ 30. Qxe3 Qxh1+ 31. Rxh1 dxe3 32. fxe3 Rf3 33. Be6 Rxg3+ 34. Kf2 Rf3+ 35. Ke2 Ne5 36. Bxc5 Bb8 37. Bd4 Nd3 38. Rf1 Rxf1 39. Kxf1 Nc1 40. Nc3 a6 41. bxa6 Bxa6+ 42. Kg2 Bb7 43. a4 h5 44. b4 h4 45. Bf5+ Kh6 46. Nxe4 Ne2 47. Kh3 Nxd4 48. exd4 Kh5 49. Nf6+ Kh6 50. Ng4+ Kh5 51. a5 Bc6 52. Be6 Kg6 53. Bc4 Kf5 54. Bd3+ Kf4 55. b5 Bd7 56. Be2 Bc7 57. b6 Bb8 58. a6 Bc8 59. a7 Bxa7 60. bxa7 Bb7 61. Ne5 Ke4 62. Bf3+ Kxd4 63. Bxb7 Kxe5 64. a8Q g4+ 65. Kxg4 1-0